Mongolia country quiz - Statistics

General Stats
  • This quiz has been taken 332 times
  • The average score is 11 of 20
Answer Stats
Hint Answer % Correct
Capital Ulaanbaatar
92%
Bordering countries China
91%
Russia
91%
Colors on Mongol flag Red
84%
Blue
81%
Biggest desert Gobi
80%
Yellow
80%
Language Mongolian
79%
Religion(53%) Buddhism
70%
Founder of Mongol Empire Genghis Khan
66%
Second religion Islam
55%
Script Cyrillic
34%
Second largest ethic group Kazakhs
33%
Second biggest city Erdenet
32%
Year of above 1206
23%
Currency Tögrög
22%
West border of Mongol Empire* Ukraine
20%
Capital in 13th century Karakorum
18%
Empire formed 209 BC Xiongnu Empire
11%
President :D Tsakhiagiin Elbegdorj
7%
No matching quizzes found
Score Distribution
Percent of People with Each Score
Percentile by Number Answered
Your Score History
You have not taken this quiz